Clientelismo político en Argentina: doble vida y negación colectiva /
Con base en trabajos etnográficos, este artículo explora una de las dimensiones menos conocidas del clientelismo político: los puntos de vista de quienes reciben favores, los "clientes". El trabajo hace hincapié en un aspecto particular del intercambio clientelar, la distribución de bienes...
Guardat en:
| Autor principal: | |
|---|---|
| Format: | Text |
| Matèries: | |
| Etiquetes: |
Afegir etiqueta
Sense etiquetes, Sigues el primer a etiquetar aquest registre!
|
MARC
| LEADER | 00000 a a2200000 04500 | ||
|---|---|---|---|
| 001 | 12391 | ||
| 003 | |||
| 040 | |||
| 100 | |a Auyero, Javier | ||
| 245 | |a Clientelismo político en Argentina: |b doble vida y negación colectiva / |c Javier Auyero | ||
| 520 | |a Con base en trabajos etnográficos, este artículo explora una de las dimensiones menos conocidas del clientelismo político: los puntos de vista de quienes reciben favores, los "clientes". El trabajo hace hincapié en un aspecto particular del intercambio clientelar, la distribución de bienes a cambio de asistencia a actos públicos del Partido Justicialista de Buenos Aires. Especial atención se pone en la doble vida del clientelismo (el intercambio objetivo y las experiencias de los actores) y en la negación colectiva del intercambio en la que participan dirigentes políticos y clientes | ||
| 650 | |a CLIENTELISMO POLITICO | ||
| 650 | |a GRUPOS DE BAJOS INGRESOS | ||
| 650 | |a ASPECTOS SOCIALES | ||
| 650 | |a ASPECTOS PSICOLOGICOS | ||
| 773 | |g volumen 10, número 20; páginas 33-52 | ||
| 999 | |c 21708 |d 21708 | ||
